000
00310nam a22001337a 4500
008
170824b xxu||||| |||| 00| 0 eng d
020
_a
01369601382
041
_a
eng
080
_a
51
100
_a
38
101
_a
MAT
245
_a
THE PRENTICE-HALL ENCYCLOPEDIA OF MATHEMATICS
_c
WEST,B.H
942
_2
udc
_c
BK
999
_c
24857
_d
24857